000 00774nam a22002417a 4500
003 UA-OsUOA
001 105124
007 ta
008 20140211b un ||||| |||| 00| 0 ukr d
100 _aКрилова В.В.
700 _aНіконова М.В.
700 _aКрилова А.О.
090 _a330(477)
_bК82
942 _cSA
040 _aUA-OsUOA
_bukr
_cUA-OsUOA
_dUA-OsUOA
245 _aІнституційна структура регулювання як основа захисту првв споживачів фінансових послуг
300 _aС.34-41
955 _a0
041 _aukr
080 _a330(477)
773 0 _w105121
_tФінанси України
_dК.
_d2013
_g10
650 7 _a330 Економіка взагалі
_2UDC
999 _c391226
_d391226